书目信息 |
| 题名: |
太空环游
|
|
| 作者: | 王金锋 编写 | |
| 分册: | ||
| 出版信息: | 长春 吉林出版集团有限责任公司 2011.03 |
|
| 页数: | 120页 | |
| 开本: | 21cm | |
| 丛书名: | 共和国故事 | |
| 单 册: | ||
| 中图分类: | V474.2 , I253.6 | |
| 科图分类: | ||
| 主题词: | 报告文学--bao gao wen xue--作品集--中国--当代 , 可回收卫星--ke hui shou wei xing--发射--中国--1975--史料 | |
| 电子资源: | ||
| ISBN: | 978-7-5463-1766-3 | |
| 000 | 01234nam 2200325 450 | |
| 001 | CAL 012011438857 | |
| 005 | 20111231091313.90 | |
| 010 | @a978-7-5463-1766-3@dCNY22.00 | |
| 099 | @aCAL 012011438857 | |
| 100 | @a20111129d2011 am y0chiy50 ea | |
| 101 | 0 | @achi |
| 102 | @aCN@b220000 | |
| 105 | @ay a 000zy | |
| 200 | 1 | @a太空环游@Atai kong huan you@e中国成功发射返回式遥感卫星@f王金锋编写 |
| 210 | @a长春@c吉林出版集团有限责任公司@d2011.03 | |
| 215 | @a120页@d21cm | |
| 225 | 2 | @a共和国故事@Agong he guo gu shi |
| 308 | @a封面及书脊丛书名题: 青少年应该铭记的共和国故事 | |
| 320 | @a有书目 (第119-120页) | |
| 330 | @a本书分为起步研究、技术攻关、发射成功、再创辉煌四部分, 内容包括: 论证返回式卫星方案、研制第一代远程火箭、研制首颗返回式卫星、研制卫星回收系统等。 | |
| 410 | 0 | @12001 @a共和国故事 |
| 517 | 1 | @a中国成功发射返回式遥感卫星@Azhong guo cheng gong fa she fan hui shi yao gan wei xing |
| 606 | 0 | @a报告文学@Abao gao wen xue@x作品集@y中国@z当代 |
| 606 | 0 | @a可回收卫星@Ake hui shou wei xing@x发射@y中国@z1975@x史料 |
| 690 | @aV474.2@v4 | |
| 690 | @aI253.6@v4 | |
| 701 | 0 | @a王金锋@Awang jin feng@4编写 |
| 801 | 0 | @aCN@bRENTIAN@c20111231 |
| 905 | @aZUCC@dI253.6@eW2307@f3 | |
| 998 | @aRTBOOK | |
| 太空环游:中国成功发射返回式遥感卫星/王金锋编写.-长春:吉林出版集团有限责任公司,2011.03 |
| 120页;21cm.-(共和国故事) |
| ISBN 978-7-5463-1766-3:CNY22.00 |
| 本书分为起步研究、技术攻关、发射成功、再创辉煌四部分, 内容包括: 论证返回式卫星方案、研制第一代远程火箭、研制首颗返回式卫星、研制卫星回收系统等。 |
| ● |
| 相关链接 |
|
|
|
正题名:太空环游
索取号:I253.6/W2307
 
预约/预借
| 序号 | 登录号 | 条形码 | 馆藏地/架位号 | 状态 | 备注 |
| 1 | 1193454 | 211934549 | 文学库108/108文学库 68排6列4层/ [索取号:I253.6/W2307] | 在馆 | |
| 2 | 1193455 | 211934558 | 文学库108/108文学库 68排6列4层/ [索取号:I253.6/W2307] | 在馆 | |
| 3 | 1193456 | 211934567 | 文学库108/108文学库 68排6列4层/ [索取号:I253.6/W2307] | 在馆 |